| 000 | 00909nam a2200277 a 4500 | ||
|---|---|---|---|
| 001 | 31102 | ||
| 003 | BD-RjUL | ||
| 005 | 20211209051647.0 | ||
| 008 | 500101s1948 it b 000 0 eng d | ||
| 035 | _a(BD-RjUL)31189 | ||
| 040 |
_aDLC _cDLC _dCFT _dEQO _dBD-RjUL _beng |
||
| 041 | _aeng | ||
| 082 |
_a297.211 _223 _bOSK 1948 |
||
| 100 | 1 |
_aO'Shaughnessy, Thomas _9223496 |
|
| 245 | 1 | 4 |
_aThe Koranic concept of the word of God / _cby Thomas O'Shaughnessy, |
| 260 |
_aRoma : _bPontificio Istituto Biblico, _c1948 |
||
| 300 |
_a69 p. ; _c25 cm |
||
| 490 | 1 |
_aBiblica et orientalia ; _v11 |
|
| 504 | _aBibliography: p. [67]-69 | ||
| 650 | 0 |
_aWord of God (Islam) _xQurʼanic teaching. _9223497 |
|
| 650 | 0 |
_aChristianity and other religions _xIslam _9223498 |
|
| 650 | 0 |
_aIslam _xRelations _xChristianity _9223499 |
|
| 830 | 0 |
_aBiblica et orientalia ; _v11 _9223500 |
|
| 942 |
_2ddc _cRAR |
||
| 999 |
_c31102 _d31102 |
||